| 000 | 00000nam##2200000za#4500 |
| 001 | 9.601918 |
| 003 | CaOODSP |
| 005 | 20210624210315 |
| 007 | cr ||||||||||| |
| 008 | 150406|1998||||xxc|||||o f|0| 0 fre|d |
| 040 | |aCaOODSP|bfre |
| 043 | |an-cn--- |
| 086 | 1 |aTU3-5/98-22F-PDF |
| 110 | 2 |aBureau de la sécurité des transports du Canada. |
| 245 | 10|aPerte de maîtrise - décrochage, Toronto Airways Ltd., Cessna 150M C-GSCN, 1,5 nm au sud de Coppins Corners (Ontario), 8 juin 1998 |h[ressource électronique] |
| 260 | |aGatineau - Québec : |bBureau de la sécurité des transports du Canada |c[2000]. |
| 300 | |a5p. |
| 490 | 1 |aRapport d'enquête aéronautique |vA98Ø0139 |
| 590 | |a12-01-Supp|b2012-01-13 |
| 775 | 08|tLoss of control - Stall, Toronto Airways Ltd., Cessna 150M C-GSCN, Coppins Corners, Ontario 1.5 nm S, 08 June 1998 |w(CaOODSP)9.571302 |
| 830 | #0|aRapport d'enquête aéronautique ;|vA98Ø0139|w(CaOODSP)9.501229 |
| 856 | 40|ahttp://publications.gc.ca|qPDF|s70 Ko|uhttps://publications.gc.ca/collections/collection_2011/bst-tsb/TU3-5-98-22-fra.pdf|yA98Ø0139 |